000 01087cam a22002054a 4500
005 20250605164215.0
008 250528s ||||||||||||||||||||||||d
035 _a20441
020 _a879751738
040 _aGR-AtMCL
_bgre
_dGR-AtMCL
_eAACR2
245 1 _aThe Avant-Garde Tradition in Literature
260 _c1982
300 _a430
520 _aThis comprehensive volume of essays fills a long-felt gap in the study of literary modernism. Preface, Introduction: What is Avant Garde, The New Spirit of Poets, The Archetypes of Literature, German Expressionist Drama, Literature, Italian Futurism, Russian Formalism, Russian Futurism and Its Theoreticians, Art in a Closed Field, Projective Verse, Contemporary German Fiction: The Dimensions of Experimentation, A Found Introduction, Vanishing Point, The New Theatre, Visual Poetry, Concrete Sound Poetry, Innovative Literature in America, Some Poetry Intermedia, Bibliography, Contributors.
700 1 _aKostelanetz Richard
_96427
700 1 _aPrometheus Books
_92794
942 _cBK
999 _c5548
_d5548